| 000 | 00481nam a22002057a 4500 | ||
|---|---|---|---|
| 003 | OSt | ||
| 005 | 20240629125323.0 | ||
| 008 | 240629b |||||||| |||| 00| 0 eng d | ||
| 020 | _a978-93-5024-458-6 | ||
| 040 | _cTrident | ||
| 082 |
_a610 _bJHA |
||
| 100 | _aS.M.Jha | ||
| 245 | _aHospital Management | ||
| 250 | _a2nd | ||
| 260 |
_aMumbai _bHimalaya Publishing House _c2015 |
||
| 300 | _aX,617; | ||
| 500 | _aBOOK 01 | ||
| 650 |
_aBIo Medical _942048 |
||
| 942 |
_2ddc _cBK _n0 |
||
| 999 |
_c61115 _d61115 |
||